01008nam a2200241 i 4500001000300000100002000003245013900023246009900162260003200261300002100293500009800314650003700412650005100449650004900500650004700549700002000596700002600616020001500642040000800657041001100665080004900676008004100725bg1 aCROZIER, Michel10aKryzys inteligencji :bszkic o niezdolności elit do zmian /cMichel Crozier z udziałem Bruno Tilliette ; przekł. z fr. Marian Egem iTyt. oryg.:aLa crise de l'intellgence. Essai sur l'impuissance des élites á se réformer aWarszawa :bPOLTEXT,c1996. a181 s. ;c24 cm. aOryg.: "La crise de l'intellgence. Essai sur l'impuissance des élites á se réformer". 9 xsocjologiazFrancjayod 1945 r.  aElita władzyxsocjologiazFrancjayod 1945 r. aDemokracjaxzagadnieniazFrancjayod 1945 r. aNauczaniexsocjologiazFrancjayod 1945 r. aTILLETTE, Bruno aEGEMAN, Marian.eTł. a8386890185 cBPK1 aplhfr a316.344.42:316.4:321.7:37.014](44)"1945/..." s pl f |000 0 pol